<?xml version="1.0" encoding="UTF-8"?>
<collection xmlns="http://www.loc.gov/MARC21/slim">
<record>
  <controlfield tag="001">162909</controlfield>
  <controlfield tag="005">20251017144614.0</controlfield>
  <datafield tag="024" ind1="7" ind2=" ">
    <subfield code="2">doi</subfield>
    <subfield code="a">10.5216/mh.v25.82501</subfield>
  </datafield>
  <datafield tag="024" ind1="8" ind2=" ">
    <subfield code="2">sideral</subfield>
    <subfield code="a">145394</subfield>
  </datafield>
  <datafield tag="037" ind1=" " ind2=" ">
    <subfield code="a">ART-2025-145394</subfield>
  </datafield>
  <datafield tag="041" ind1=" " ind2=" ">
    <subfield code="a">spa</subfield>
  </datafield>
  <datafield tag="100" ind1=" " ind2=" ">
    <subfield code="a">Serrano, Rosa M.</subfield>
    <subfield code="u">Universidad de Zaragoza</subfield>
    <subfield code="0">(orcid)0000-0003-3704-3533</subfield>
  </datafield>
  <datafield tag="245" ind1=" " ind2=" ">
    <subfield code="a">Estudio de las creencias sobre la creatividad artística (musical y plástica) en la educación infantil por parte del profesorado y su 7influencia en el desarrollo de proyectos artísticos multidisciplinares en el aula</subfield>
  </datafield>
  <datafield tag="260" ind1=" " ind2=" ">
    <subfield code="c">2025</subfield>
  </datafield>
  <datafield tag="506" ind1="0" ind2=" ">
    <subfield code="a">Access copy available to the general public</subfield>
    <subfield code="f">Unrestricted</subfield>
  </datafield>
  <datafield tag="520" ind1="3" ind2=" ">
    <subfield code="a">Este trabajo nace del análisis de las intervenciones artísticas multisensoriales realizadas en diversas escuelas de Educación Infantil en España, en el marco del proyecto “Transversalidad, creatividad e inclusión en proyectos musicales escolares: una investigación evaluativa (TCIEM)”, financiado por el Ministerio de Ciencia e Innovación del Gobierno español (PID2021-1286450B-100). El objetivo principal es explorar las creencias y percepciones que las docentes participantes tienen sobre la creatividad artística (propia y de su alumnado), su influencia en el diseño e implementación de instalaciones artísticas multidisciplinares y las posibles causas de estas creencias. Mediante una metodología cualitativa, se examinan las propuestas de los centros educativos participantes en el proyecto TCIEM, con datos obtenidos de observaciones de las instalaciones y de los procesos formativos del profesorado, así como de entrevistas y foros de discusión con el profesorado responsable de los proyectos. El análisis de los procesos de diseño, implementación y valoración de las instalaciones —tanto en las artes plásticas como en el ámbito musical— ayuda a entender cómo las creencias y percepciones de las maestras de infantil sobre creatividad influyen en las oportunidades que se ofrecen a los escolares de infantil y en la valoración que se hace de sus interacciones musicales y artísticas.</subfield>
  </datafield>
  <datafield tag="536" ind1=" " ind2=" ">
    <subfield code="9">info:eu-repo/grantAgreement/ES/MICIU/PID2021-128645OB-I00</subfield>
  </datafield>
  <datafield tag="540" ind1=" " ind2=" ">
    <subfield code="9">info:eu-repo/semantics/openAccess</subfield>
    <subfield code="a">by</subfield>
    <subfield code="u">https://creativecommons.org/licenses/by/4.0/deed.es</subfield>
  </datafield>
  <datafield tag="655" ind1=" " ind2="4">
    <subfield code="a">info:eu-repo/semantics/article</subfield>
    <subfield code="v">info:eu-repo/semantics/publishedVersion</subfield>
  </datafield>
  <datafield tag="700" ind1=" " ind2=" ">
    <subfield code="a">Coca Jiménez, Pablo</subfield>
  </datafield>
  <datafield tag="700" ind1=" " ind2=" ">
    <subfield code="a">Castillo Ferreira, Mercedes</subfield>
  </datafield>
  <datafield tag="700" ind1=" " ind2=" ">
    <subfield code="a">Martínez Álvarez, Lucio</subfield>
  </datafield>
  <datafield tag="710" ind1="2" ind2=" ">
    <subfield code="1">3001</subfield>
    <subfield code="2">189</subfield>
    <subfield code="a">Universidad de Zaragoza</subfield>
    <subfield code="b">Dpto. Expres.Music.Plást.Corp.</subfield>
    <subfield code="c">Área Didáctica Expres. Musical</subfield>
  </datafield>
  <datafield tag="773" ind1=" " ind2=" ">
    <subfield code="g">25 (2025), e.82501 [49 pp.]</subfield>
    <subfield code="p">Música Hodie</subfield>
    <subfield code="t">Música Hodie</subfield>
    <subfield code="x">1676-3939</subfield>
  </datafield>
  <datafield tag="856" ind1="4" ind2=" ">
    <subfield code="s">660144</subfield>
    <subfield code="u">http://zaguan.unizar.es/record/162909/files/texto_completo.pdf</subfield>
    <subfield code="y">Versión publicada</subfield>
  </datafield>
  <datafield tag="856" ind1="4" ind2=" ">
    <subfield code="s">1806847</subfield>
    <subfield code="u">http://zaguan.unizar.es/record/162909/files/texto_completo.jpg?subformat=icon</subfield>
    <subfield code="x">icon</subfield>
    <subfield code="y">Versión publicada</subfield>
  </datafield>
  <datafield tag="909" ind1="C" ind2="O">
    <subfield code="o">oai:zaguan.unizar.es:162909</subfield>
    <subfield code="p">articulos</subfield>
    <subfield code="p">driver</subfield>
  </datafield>
  <datafield tag="951" ind1=" " ind2=" ">
    <subfield code="a">2025-10-17-14:18:25</subfield>
  </datafield>
  <datafield tag="980" ind1=" " ind2=" ">
    <subfield code="a">ARTICLE</subfield>
  </datafield>
</record>
</collection>